000 00569nam a2200193Ia 4500
003 GCL
008 140319s9999 xx 000 0 eng d
020 _a0 85199 553 5
040 _aGCL /
_cGCL
082 0 4 _a338.4791068
_bW B
100 1 _aWOBER, KARL W.
245 1 0 _aBENCHMARKING IN TOURISM AND HOSPITALITY INDUSTIRES /
_cWOBER, KARL W.
260 _aنيويورك :
_bCABI PUBLISHING
300 _a24 CM ؛
_c261 P
650 0 4 _aHOSPITALITY INDUSTRY - MANAGEMENT
650 0 4 _aBENCHMARKING ( MANAGEMENT )
650 0 4 _aTOURISM - MANAGEMENT
942 _2ddc
_cBK
999 _c5713
_d5713